000 00696nam a2200193 a 4500
001 000022344
005 20240710123700.0
008 101004s2005 dr 001 0 spa d
040 _aDO-SdBNP
_bspa
_cBNPHU
100 1 _aMartínez Almanzar, Juan Francisco
_d1950 -
_910459
245 1 0 _aPreguntas y respuestas sobre ciencias sociales /
_cJuan Francisco Martínez Almánzar.
260 _aSanto Domingo :
_bEditora 9 de Octubre,
_c2005.
300 _a199 p. ;
_c22 cm.
490 1 _aRecopilación sociológicas
_v3
500 _aIncluye datos biográficos del autor en la contracubierta
504 _aBibliografía : p.[ 199]
830 0 _aRecopilación sociológicas
_v3
_946101
049 _aBNPD
999 _c21842
_d21842